000 00484nam a2200193Ia 4500
003 OSt
005 20231213112546.0
008 210210b1981 xxu||||| |||| 00| 0 eng d
040 _cAL
041 _aEnglish
082 _a824 UNIP
100 _aUNIVERSITY OF MYSORE.
_9145700
245 _aPreoccupations: an anthology of english prose.
260 _aMysore
_bUniversity of Mysore
_c1981
300 _a92
690 _aEnglish Prose
_9145701
906 _a035787
942 _2ddc
_cBK
999 _c86495
_d86495